01307 a2200229 4500003000500000005001700005010001700022020001500039035002300054040000900077082001700086100002300103245008300126260008300209300003400292505039900326650003500725700002800760856010600788856009100894856009200985Nust20230831082511.0 a 2004558614 c0471465852 a(OCoLC)ocm53156181 cNust00a621.3815,SCH1 aSchreier, Richard,10aUnderstanding delta-sigma data converters /cRichard Schreier, Gabor C. Temes. aPiscataway, NJ :bIEEE Press ;aHoboken, N.J. ;aChichester :bWiley ;cc2005. axii, 446 p. :bill. ;c24 cm. aIntroduction (Page-1), The First Order Delta Sigma Modulator (Page-21), The Second –order Delta Sigma Modulator (Page-63), Higher Order Delta Sigma Modulation (Page-91), Band pass and Quadrature Delta Sigma Modulation Page No 139.Implementations Consideration For (Page-179), Delta Sigma DACs (Page-219), Higher –Level Design and Simulation (Page-257), Example Modulator Systems (Page-283). 0aTelecommunication Engineering.1 aTemes, Gabor C.,d1929-423Contributor biographical informationuhttp://www.loc.gov/catdir/enhancements/fy0621/2004558614-b.html423Publisher descriptionuhttp://www.loc.gov/catdir/enhancements/fy0621/2004558614-d.html423Table of contents onlyuhttp://www.loc.gov/catdir/enhancements/fy0621/2004558614-t.html